Cvičení z výzkumu konjunktury a prognózování zahraničních trhů Teritoriální výzkum

Enregistré dans:
Détails bibliographiques
Auteur principal: Fialová, Helena
Format: Livre
Langue:tchèque
Publié: Praha VŠE 1985
Édition:1. vyd.
Tags: Ajouter un tag
Pas de tags, Soyez le premier à ajouter un tag!

MARC

LEADER 00000nam a2200000 4500
001 c035459
005 20221220075153.7
041 0 |a cze 
044 |a CZ 
245 1 0 |a Cvičení z výzkumu konjunktury a prognózování zahraničních trhů  |b Teritoriální výzkum  |c Helena Fialová 
250 |a 1. vyd. 
264 1 |a Praha  |b VŠE  |c 1985 
300 |a 134 s. 
100 1 |a Fialová, Helena